Polt̕ica comercial europea y preferencias arancelarias

Detalles Bibliográficos
Autor principal: Cepillo Galvn̕, Miguel aÌ‚Angel
Formato: Desconocido
Lenguaje:español
Publicado: Madrid : Dykinson, D.L. 2010
Materias:
Acceso en línea:Acceso restringido

MARC

LEADER 00000ny a22000003n 4500
005 20110623173638.0
008 100517s2010 sp 001 0 spa c
020 |a 9788498493528 
035 |a 5024 
040 |a SpMaUCBES  |d vlex 
090 |c 1093  |d 1093 
100 1 |a Cepillo Galvn̕, Miguel aÌ‚Angel 
245 1 0 |a Polt̕ica comercial europea y preferencias arancelarias  |h [Recurso electrn̤ico]  |c Miguel ℓngel Cepillo Galvn̕ 
256 |a Servicio en ln̕ea 
260 |a Madrid :  |b Dykinson,  |c D.L. 2010 
506 1 |a Contenido solo disponible en los productos indicados  |d vLex Global  |d vLex Global (Academic Edition, excluding Law Schools)  |d vLex Global (U.S. Academic Edition, Law Schools)  |d vLex Global (U.S. Academic Edition, excluding Law Schools)  |d vLex Global (Academic Edition, Law Schools) 
650 0 4 |a Comercio internacional  |x Pas̕es de la Unin̤ Europea 
740 0 |a vLex Libros (Servicios en ln̕ea) 
856 4 0 |u http://vlex.com/source/5024  |z Acceso restringido 
942 |c BOOK